It looks like you're offline.
Open Library logo
additional options menu

MARC Record from Library of Congress

Record ID marc_loc_2016/BooksAll.2016.part17.utf8:51368955:1058
Source Library of Congress
Download Link /show-records/marc_loc_2016/BooksAll.2016.part17.utf8:51368955:1058?format=raw

LEADER: 01058cam a2200277 a 4500
001 86016866
003 DLC
005 19920130140058.1
008 860611s1986 txu b 00110 eng
010 $a 86016866 //r92
020 $a0911005080
020 $a0911005099 (pbk.)
040 $aDLC$cDLC$dDLC
041 1 $aengfre
050 00 $aPQ2220.D723$bZ59 1986
082 00 $a841/.8$219
100 10 $aBachelard, Gaston,$d1884-1962.
245 10 $aLautréamont /$cGaston Bachelard ; translated from the French by Robert S. Dupree ; with essays by James Hillman and Robert S. Dupree.
260 0 $aDallas :$bDallas Institute Publications, Dallas Institute of Humanities and Culture,$cc1986.
300 $axiv, 150 p. ;$c24 cm.
490 1 $aThe Bachelard translations series
504 $aIncludes bibliographical references and index.
600 10 $aLautréamont,$ccomte de,$d1846-1870$xCriticism and interpretation.
700 10 $aDupree, Robert S.,$d1940-
700 10 $aHillman, James.
800 1 $aBachelard, Gaston,$d1884-1962.$tBachelard translations series.